• 首页
  • 本馆介绍
  • 公告通知
  • 最新文献
  • 馆藏检索
  • 电子资源
  • 读者导购
  • 参考咨询
  • 我的图书馆
  • 登录
  • 详细信息显示
  • 放入我的书架
  • 预约/预借图书
  • 作者相关作品
  • 分类相关作品
  • 丛书相关作品
  • 出版社相关作品

书目信息

  • 表格格式
  • 工作单格式
  • 卡片格式
题名:
肺癌诊治新进展
    
 
作者: 彼得斯 , 贝西 原著 ;胡坚 主译
分册:  
出版信息: 北京   科学出版社  2017
页数: 225页
开本: 24cm
丛书名:
单 册:
中图分类: R734.2
科图分类:
主题词: 肺癌--诊疗
电子资源:
ISBN: 978-7-03-052499-7
000 01190nam0 2200253 450
001 2238697128
005 20220928104516.10
010    @a978-7-03-052499-7@b精装@dCNY78.00
100    @a20170802d2017 em y0chiy50 ea
101 1  @achi@ceng
102    @aCN@b110000
105    @aa z 000yy
200 1  @a肺癌诊治新进展@9fei ai zhen zhi xin jin zhan@dNew therapeutic strategies in lung cancers@e中文翻译版@fSolange Peters,Benjamin Besse原著@g胡坚主译@zeng
210    @a北京@c科学出版社@d2017
215    @a225页@c图@d24cm
330    @a本书主要内容共分为五个部分,即诊断新进展、早期非小细胞肺癌治疗新进展、局部晚期非小细胞肺癌治疗新进展、分子治疗进展、特定类型转移性非小细胞肺癌诊治进展,参考了最新发表的关于肺癌外科微创治疗、放射治疗、化学治疗、靶向治疗、免疫治疗等领域相关文献及有突破意义的临床研究,力求全面展现肺癌诊治的最新面貌,符合肺癌专科医生的实际需求。
510 1  @aNew therapeutic strategies in lung cancers@zeng
606 0  @a肺癌@x诊疗
690    @aR734.2@v5
701  1 @c(瑞士)@a彼得斯@9bi de si@g(Peters, Solange)@4原著
701  1 @c(法)@a贝西@9bei xi@g(Besse, Benjamin)@4原著
702  0 @a胡坚@9hu jian@4主译
801  0 @aCN@b91MARC@c20170802
905    @aZUCC@dR734.2@e14
    
    肺癌诊治新进展=New therapeutic strategies in lung cancers:中文翻译版/Solange Peters,Benjamin Besse原著/胡坚主译.-北京:科学出版社,2017
    225页:图;24cm
    
    
    ISBN 978-7-03-052499-7(精装):CNY78.00
    本书主要内容共分为五个部分,即诊断新进展、早期非小细胞肺癌治疗新进展、局部晚期非小细胞肺癌治疗新进展、分子治疗进展、特定类型转移性非小细胞肺癌诊治进展,参考了最新发表的关于肺癌外科微创治疗、放射治疗、化学治疗、靶向治疗、免疫治疗等领域相关文献及有突破意义的临床研究,力求全面展现肺癌诊治的最新面貌,符合肺癌专科医生的实际需求。
●
相关链接 在五车中查询图书 在当当中查询图书 在豆瓣中查询图书


正题名:肺癌诊治新进展     索取号:R734.2/14         预约/预借

序号 登录号 条形码 馆藏地/架位号 状态 备注
1 2000903995   2000903995   第三书库/ [索取号:R734.2/14] 在馆    
2 2000903996   2000903996   第三书库/ [索取号:R734.2/14] 在馆    
3 2000903997   2000903997   第三书库/ [索取号:R734.2/14] 在馆    
山东省滨州职业学院图书馆 欢迎您!
大连网信软件有限公司© 版权所有